000 00479cam a2200181ua 4500
020 _c150.00
041 _aeng
_h
082 _a634.1
_bCHA/TE
100 _aChadha, T R .
245 _aText book of temperate fruits /
_cT R Chadha.
_hTextual Documents
260 _a :
_bDirectorate of information and publications of agriculture ,
_c1995.
300 _a217 ; .
365 _a150.00
500 _a** Reference
504 _a
942 _cBK
999 _c10986
_d10986